Vainqueurs du Challenge Cup - Statistiques

Statistiques générales
  • Ce quiz a été pris 11 fois
  • Le résultat moyen est 4 sur 19
Statistiques - réponses
Titres Clubs Pays % Correct
1 RC Toulon France
78%
3 ASM Clermont France
67%
1 Stade français France
44%
1 Leinster Irlande
33%
2 Sale Sharks Angleterre
33%
1 Sharks Afrique du Sud
33%
1 Biarritz olympique France
22%
1 CS Bourgoin-Jallieu France
22%
3 Harlequins Angleterre
22%
2 Cardiff Rugby Pays de Galles
11%
1 Lyon OU France
11%
2 Northampton Saints Angleterre
11%
1 Section paloise France
11%
1 US Colomiers France
11%
1 Wasps Angleterre
11%
2 Bath Rugby Angleterre
0%
1 Bristol Bears Angleterre
0%
2 Gloucester Rugby Angleterre
0%
2 Montpellier HR France
0%
Aucun quiz correspondant
Distribution des résultats
% des personnes avec chaque résultat
Percentile par nombre de réponses
Votre historique - résultats
Vous n’avez pas pris ce quiz